| 000 | 01333njm a2200361 c 4500 | ||
|---|---|---|---|
| 003 | BLK | ||
| 005 | 20180422121305.0 | ||
| 008 | 180410b bul||n||s|||||||| n|bulo| | ||
| 010 | _aCDD00000514000 | ||
| 040 | _aBLK | ||
| 041 |
_aENG _cENG |
||
| 080 |
_aСалонни и танцови оркестри. Естраден оркестър. Джаз. Рок _b785.161 _x _z785.161 |
||
| 100 | 1 |
_aAbou-Khalil, Rabih _eпърви автор _93140 |
|
| 700 | 1 |
_aKuhn, Joachim _eсъавт. _9387556 |
|
| 700 | 1 |
_aAbou-Khalil, Rabih _eуд _93140 |
|
| 700 | 1 |
_aKuhn, Joachim _eпиано _9387556 |
|
| 700 | 1 |
_aKuhn, Joachim _eалт саксофон _9387556 |
|
| 700 | 1 |
_aCagwin, Jarrod _eударни инстр. _96618 |
|
| 139 |
_aAbou-Khalil, Rabih et al. _bA 15 |
||
| 245 | 1 | 0 |
_aJourney to the Centre of an Egg [CD аудио] _cRabih Abou-Khalil; съавт. Joachim Kuhn; уд Rabih Abou-Khalil; пиано Joachim Kuhn; алт саксофон Joachim Kuhn; ударни инстр. Jarrod Cagwin. |
| 257 | _aDEU | ||
| 260 |
_аMunich _bEnja Rec. _c2005 |
||
| 300 |
_c12 cm _fбр. в к-т _g1 CD |
||
| 306 | _a52мин. 26сек. | ||
| 380 | _a7 | ||
| 650 | 4 |
_aДжаз _9153283 |
|
| 653 | _aджаз | ||
| 852 |
_aЦб CD 1964 _p0 |
||
| 856 | 4 |
_qpdf _u |
|
| 856 | 4 |
_qpdf _u |
|
| 942 |
_cCDD _n0 |
||
| 944 |
_aCR _c27.10.2008 _kТеодора_Стоянова |
||
| 944 |
_aED _c01.03.2012 _k |
||
| 999 |
_c216605 _d216605 |
||